مكتبة جامعة عجلون الوطنية

فهرس بحث المكتبة

التسهيل في فقة العبادات على مذهب الإمام أحمد بن حنبل (Record no. 22370)

MARC details
000 -LEADER
fixed length control field 00762nam a2200193Ii 4500
003 - CONTROL NUMBER IDENTIFIER
control field JO-AjNU
008 - FIXED-LENGTH DATA ELEMENTS--GENERAL INFORMATION
fixed length control field 230605s9999||||xx |||||||||||||| ||und||
040 ## - CATALOGING SOURCE
Original cataloging agency JO-AjNU
Language of cataloging ara
Description conventions rda
Transcribing agency JO-AjNU
041 ## - LANGUAGE CODE
Language code of text/sound track or separate title ara
050 14 - LIBRARY OF CONGRESS CALL NUMBER
Classification number BP155 2011
100 3# - MAIN ENTRY--PERSONAL NAME
Personal name تاليف وحدة البحث العلمي بإدارة الإفتاء / الكويت,
Relator term author
9 (RLIN) 43693
245 00 - TITLE STATEMENT
Title التسهيل في فقة العبادات على مذهب الإمام أحمد بن حنبل
264 31 - PRODUCTION, PUBLICATION, DISTRIBUTION, MANUFACTURE, AND COPYRIGHT NOTICE
Place of production, publication, distribution, manufacture الكويت: وزارة الاوقاف والشئون والمقدسات الاسلامية، 2011
300 ## - PHYSICAL DESCRIPTION
Extent 457ص
336 ## - CONTENT TYPE
Content type term text
Content type code txt
Source rdacontent
337 ## - MEDIA TYPE
Media type term unmediated
Media type code n
Source rdamedia
338 ## - CARRIER TYPE
Carrier type term volume
Carrier type code nc
Source rdacarrier
650 #4 - SUBJECT ADDED ENTRY--TOPICAL TERM
Topical term or geographic name entry element الفقة الحنبلي
9 (RLIN) 43694
Holdings
Withdrawn status Lost status Source of classification or shelving scheme Damaged status Not for loan Home library Current library Shelving location Date acquired Total Checkouts Full call number Barcode Date last seen Price effective from Koha item type
    Library of Congress Classification     مكتبة جامعة عجلون الوطنية مكتبة جامعة عجلون الوطنية المجموعات العامة 06/06/2023   BP155 2011 A18802 06/06/2023 06/06/2023 Books